Programming language pragmatics
में बचाया:
| मुख्य लेखक: | |
|---|---|
| स्वरूप: | पुस्तक |
| भाषा: | Undetermined |
| प्रकाशित: |
San Francisco, CA
Morgan Kaufmann Pub.
2006
|
| विषय: | |
| टैग : |
टैग जोड़ें
कोई टैग नहीं, इस रिकॉर्ड को टैग करने वाले पहले व्यक्ति बनें!
|
| Thư viện lưu trữ: | Trung tâm Học liệu Trường Đại học Cần Thơ |
|---|
| LEADER | 00612nam a2200193Ia 4500 | ||
|---|---|---|---|
| 001 | CTU_165976 | ||
| 008 | 210402s9999 xx 000 0 und d | ||
| 020 | |c 30.49 | ||
| 082 | |a 005.13 | ||
| 082 | |b S428/2nd | ||
| 100 | |a Scott, Michael Lee | ||
| 245 | 0 | |a Programming language pragmatics | |
| 245 | 0 | |c Michael L. Scott | |
| 260 | |a San Francisco, CA | ||
| 260 | |b Morgan Kaufmann Pub. | ||
| 260 | |c 2006 | ||
| 650 | |a Programming languages (Electronic computers),Ngôn ngữ lập trình (máy tính điện tử) | ||
| 910 | |a Nguyên | ||
| 980 | |a Trung tâm Học liệu Trường Đại học Cần Thơ | ||